| 000 | 00788nam a22002657a 4500 | ||
|---|---|---|---|
| 001 | 6879 | ||
| 003 | FISKH | ||
| 005 | 20250707112349.0 | ||
| 008 | 250604b cb ||||| |||| 00| 0 eng d | ||
| 020 | _a9780516265377 | ||
| 040 |
_aFISKH _beng _cFISKH _dFISKH |
||
| 050 | _aQL561.D3 H55 | ||
| 082 | _a595.78 | ||
| 100 | _aHimmelman, John | ||
| 245 |
_aA monarch butterfly's life / _cWritten and illustrated by John Himmelman |
||
| 260 |
_aNew York ; _bChildren's Press, _c1999. |
||
| 300 |
_a32 unnumbered pages : _bcolor illustrations ; _c21 x 26 cm |
||
| 505 | _aP | ||
| 520 | _aDescribes the life cycle of a monarch butterfly. | ||
| 521 | 8 |
_a620
_bLexile |
|
| 521 | 8 |
_aP
_bKSP |
|
| 650 |
_aButterflies _vLife Cycle |
||
| 942 |
_2ddc _cBK _n0 |
||
| 999 |
_c6879 _d6879 |
||